Türkiye'nin En Büyük 10 Gölü - Statistics

General Stats
  • This quiz has been taken 921 times
  • The average score is 4 of 10
Answer Stats
Yüzölçümü (km^2) Göl % Correct
3 755 Van Gölü
99%
1 500 Tuz Gölü
90%
656 Beyşehir Gölü
49%
482 Eğirdir Gölü
42%
200 Burdur Gölü
34%
308 İznik Gölü
31%
166 Manyas/Kuş Gölü
23%
153 Acıgöl
20%
134 Uluabat Gölü
19%
115 Çıldır Gölü
18%
No matching quizzes found
Score Distribution
Percent of People with Each Score
Percentile by Number Answered
Your Score History
You have not taken this quiz